00500 2200193 4500001002100000005001500021035002000036007000300056008004100059020002200100082001200122084001800134100001500152245003300167260003100200300003700231700001900268700001900287INLIS00000000000033320260119020712 a0010-0126000026ta260119 0 ind  a978-623-180-247-7 a657.662 a657.662 HAR a0 aHarti, dwi1 aAkuntansi Perusahaan Jasa XI aJakarta :bErlangga,c2022 aviii + 158 hlm. ;c17,5 x 25 cm.0 aBudianto, Aris0 aWibawani, esti